| 000 | 00394nam a2200145Ia 4500 | ||
|---|---|---|---|
| 008 | 220216s9999 xx 000 0 und d | ||
| 100 | _aReghu C P | ||
| 245 | 0 | _aRubbrinangalum thadiyude balathanthra swabhavavum. 5. Tensionwood prathibhasam | |
| 260 |
_bRubber _c2008 |
||
| 300 | _a25-27 | ||
| 650 | _aMechanical properties | ||
| 650 | _aTensionwood | ||
| 700 | _aThomas Jimmy | ||
| 942 | _cJS | ||
| 999 |
_c68356 _d68356 |
||